[Event "NACHOD NIKI OPEN 2008"]
[Site "Nachod"]
[Date "2008.??.??"]
[Round "2.11"]
[White "Cerveny, Martin"]
[Black "Kosek, Jiri"]
[Result "1-0"]
[WhiteElo "2305"]
[BlackElo "2053"]
[PlyCount "99"]
[EventDate "2008.06.28"]

1. d4 d5 2. c4 e6 3. cxd5 exd5 4. Nc3 Nf6 5. Bg5 Be7 6. e3 c6 7. Bd3 O-O 8. Qc2
Nbd7 9. Nge2 Re8 10. O-O Nf8 11. f3 Ng6 12. e4 dxe4 13. fxe4 Bg4 14. Be3 Be6
15. h3 Qa5 16. Ng3 Rad8 17. Nf5 Bf8 18. g4 Qc7 19. Qf2 Nd7 20. Rad1 Nb6 21. b3
Rd7 22. h4 Red8 23. Bc2 f6 24. Kh1 Bb4 25. Ne2 Rf8 26. Rg1 Kh8 27. h5 Ne7 28.
Nf4 Bf7 29. Rg2 Bd6 30. Rf1 Nxf5 31. gxf5 Bxf4 32. Bxf4 Qd8 33. h6 g6 34. Be3
gxf5 35. Qxf5 Bg6 36. Qf2 Rdf7 37. Bc1 Qe7 38. Qh4 Qe6 39. Rgf2 Nd7 40. Rf4 Qe8
41. Ba3 c5 42. dxc5 Qe5 43. c6 bxc6 44. Bxf8 Rxf8 45. Rd1 Qe7 46. Qf2 Nc5 47.
Rf1 Kg8 48. Rxf6 Re8 49. b4 Nxe4 50. Bb3+ 1-0

[Event "NACHOD NIKI OPEN 2008"]
[Site "Nachod"]
[Date "2008.??.??"]
[Round "2.12"]
[White "Matyska, Jiri"]
[Black "Urbanec, Ladislav"]
[Result "1/2-1/2"]
[WhiteElo "2055"]
[BlackElo "2296"]
[PlyCount "101"]
[EventDate "2008.06.28"]

1. d4 Nf6 2. c4 e6 3. Nc3 Bb4 4. Qc2 c5 5. e3 cxd4 6. exd4 d5 7. Nf3 O-O 8. Bd2
dxc4 9. Bxc4 Nc6 10. Ne2 Bxd2+ 11. Qxd2 Ne4 12. Qc2 Qa5+ 13. Nc3 Nf6 14. O-O
Rd8 15. Rfd1 Nb4 16. Qd2 Qc7 17. Bb3 b6 18. Nb5 Qe7 19. Rac1 Nbd5 20. Ne5 Bb7
21. Nc6 Bxc6 22. Rxc6 Rac8 23. Rdc1 Rxc6 24. Rxc6 a6 25. Nc3 Qd7 26. Nxd5 Nxd5
27. Bxd5 Qxd5 28. Rxb6 Qxa2 29. h3 h6 30. Qe3 a5 31. Qc3 Qb1+ 32. Kh2 Qe4 33.
Rb5 Qxd4 34. Qxd4 Rxd4 35. Rxa5 Rd2 36. Kg3 Rxb2 37. Ra7 g5 38. Ra4 Kg7 39. h4
Kg6 40. hxg5 hxg5 41. Ra8 Rb3+ 42. f3 Rb4 43. Re8 Kf5 44. Re7 Kf6 45. Re8 e5
46. Kh3 Kf5 47. Rf8 f6 48. g4+ Ke6 49. Kg3 Rb3 50. Kf2 Rb4 51. Ke3 1/2-1/2

[Event "NACHOD NIKI OPEN 2008"]
[Site "Nachod"]
[Date "2008.??.??"]
[Round "2.13"]
[White "Bauma, Jiri"]
[Black "Neubauer, Vilem"]
[Result "1-0"]
[WhiteElo "2278"]
[BlackElo "2049"]
[PlyCount "51"]
[EventDate "2008.06.28"]

1. e4 g6 2. Bc4 Bg7 3. Nf3 e6 4. h4 h5 5. Ng5 d6 6. Nc3 c6 7. d3 d5 8. Bb3 d4
9. Ne2 Qe7 10. f4 f6 11. Nf3 c5 12. f5 gxf5 13. Nf4 fxe4 14. Ng6 Qd8 15. Nxh8
Bxh8 16. Nd2 Qd6 17. Qxh5+ Kd8 18. Nxe4 Qf8 19. Qxh8 Kc7 20. O-O f5 21. Bf4+
Kc6 22. Nd6 b5 23. a4 b4 24. a5 Bb7 25. Ba4+ Kc7 26. Nxf5+ 1-0

[Event "NACHOD NIKI OPEN 2008"]
[Site "Nachod"]
[Date "2008.??.??"]
[Round "2.14"]
[White "Malec, Jan"]
[Black "Jirasek, Pavel"]
[Result "0-1"]
[WhiteElo "2050"]
[BlackElo "2277"]
[PlyCount "71"]
[EventDate "2008.06.28"]

1. d4 Nf6 2. Nf3 e6 3. Bf4 b6 4. Nbd2 Bb7 5. e3 Be7 6. Bd3 c5 7. c3 d5 8. Bxb8
Qxb8 9. Bb5+ Kf8 10. Ne5 a6 11. Bd3 g6 12. g4 Kg7 13. h4 Bd6 14. f4 Ne4 15.
Bxe4 dxe4 16. Rf1 h5 17. g5 a5 18. Rf2 cxd4 19. cxd4 Bd5 20. Rc1 Qb7 21. a3 b5
22. Nb3 Bxb3 23. Qxb3 a4 24. Qd1 b4 25. Nc4 Be7 26. Rfc2 bxa3 27. bxa3 Qb5 28.
Rb2 Qf5 29. Rb7 Rhe8 30. Ne5 Rab8 31. d5 Rxb7 32. Qd4 f6 33. Qxa4 fxe5 34. Qxe8
Qh3 35. Qc6 Rb2 36. Kd1 0-1

[Event "NACHOD NIKI OPEN 2008"]
[Site "Nachod"]
[Date "2008.??.??"]
[Round "2.15"]
[White "Jansa, Vaclav"]
[Black "Kizilkaya, Mehmet"]
[Result "0-1"]
[WhiteElo "2047"]
[BlackElo "2235"]
[PlyCount "66"]
[EventDate "2008.06.28"]

1. e4 e6 2. d4 d5 3. Nd2 Ne7 4. Bd3 Nd7 5. Ngf3 c5 6. c3 cxd4 7. Nxd4 Nc5 8.
Bb5+ Bd7 9. Qe2 a6 10. Bxd7+ Qxd7 11. O-O Nc6 12. exd5 Qxd5 13. N2f3 Be7 14.
Be3 O-O 15. Nxc6 Qxc6 16. Bd4 f6 17. Rfe1 e5 18. Qc4+ Kh8 19. Be3 Rad8 20. Red1
Qa4 21. Qxa4 Nxa4 22. Bc1 b5 23. Kf1 Bc5 24. Rxd8 Rxd8 25. Nd2 Nxb2 26. Ne4 Na4
27. Ke2 Be7 28. Bd2 f5 29. Ng5 g6 30. Rc1 Rxd2+ 31. Kxd2 Bxg5+ 32. Kc2 Bxc1 33.
Kxc1 Nxc3 0-1

[Event "NACHOD NIKI OPEN 2008"]
[Site "Nachod"]
[Date "2008.??.??"]
[Round "2.16"]
[White "Smid, Jaroslav"]
[Black "Cechura, Petr"]
[Result "1/2-1/2"]
[WhiteElo "2046"]
[BlackElo "2182"]
[PlyCount "27"]
[EventDate "2008.06.28"]

1. e4 c5 2. Nf3 d6 3. Bb5+ Nd7 4. d4 cxd4 5. Qxd4 a6 6. Bxd7+ Bxd7 7. O-O Bc6
8. Bg5 Nf6 9. Nc3 e6 10. Rad1 Be7 11. Rd3 O-O 12. e5 dxe5 13. Nxe5 Qc7 14. Nxc6
1/2-1/2

[Event "NACHOD NIKI OPEN 2008"]
[Site "Nachod"]
[Date "2008.??.??"]
[Round "2.17"]
[White "Mareckova, Martina"]
[Black "Herejk, Petr"]
[Result "1/2-1/2"]
[WhiteElo "2045"]
[BlackElo "2177"]
[PlyCount "110"]
[EventDate "2008.06.28"]

1. e4 c5 2. Nc3 Nc6 3. g3 g6 4. Bg2 Bg7 5. d3 e6 6. f4 Nge7 7. Be3 b6 8. e5 d5
9. Bf2 O-O 10. Nf3 f6 11. exf6 Bxf6 12. O-O Nf5 13. Qd2 Bd7 14. Rae1 Qc7 15.
Nb5 Qb8 16. g4 Ng7 17. Bg3 Qd8 18. c4 Na5 19. Qc2 Bc6 20. Ne5 Bb7 21. b3 Nc6
22. Nxc6 Bxc6 23. Na3 Qd7 24. Qe2 Rad8 25. Nc2 Qb7 26. Rd1 Rd7 27. h3 Ra8 28.
Ne3 Bd4 29. Bf2 Qc7 30. Nc2 Bxf2+ 31. Rxf2 dxc4 32. bxc4 Bxg2 33. Kxg2 Rf7 34.
Qe4 Raf8 35. Rdf1 Qd6 36. Rf3 Qd7 37. Qe2 Qc6 38. Kg3 Qd6 39. Qe5 Qc6 40. Qe2
Rd7 41. Re3 Qd6 42. Ne1 g5 43. Re5 gxf4+ 44. Rxf4 Rxf4 45. Kxf4 Rf7+ 46. Kg3
Qd4 47. Qe3 Qa1 48. Qe2 Qc1 49. Qe3 Qb2 50. Qe2 Qc3 51. Kg2 Rf6 52. Nf3 Qc1 53.
Qe3 Qb1 54. Qe2 Qc1 55. Qe3 Qb1 1/2-1/2

[Event "NACHOD NIKI OPEN 2008"]
[Site "Nachod"]
[Date "2008.??.??"]
[Round "2.18"]
[White "Novotny, Josef"]
[Black "Stepan, Michal"]
[Result "1-0"]
[WhiteElo "2169"]
[BlackElo "2040"]
[PlyCount "79"]
[EventDate "2008.06.28"]

1. e3 d5 2. d3 c5 3. Nf3 Nc6 4. Nc3 b5 5. g3 e5 6. Bg2 b4 7. Ne2 Be6 8. O-O Be7
9. c3 Nf6 10. Ng5 Bg4 11. h3 Bd7 12. f4 h6 13. Nxf7 Kxf7 14. fxe5 Nxe5 15.
Bxd5+ Be6 16. Bxe6+ Kxe6 17. Nf4+ Kf7 18. d4 Nc6 19. Qb3+ Ke8 20. Ne6 Qd6 21.
Nxg7+ Kd7 22. Nf5 Qc7 23. d5 Na5 24. Qa4+ Kc8 25. e4 Nxe4 26. Bf4 Bd6 27. Rae1
Bxf4 28. Rxe4 Bg5 29. d6 Qb6 30. Ne7+ Kb7 31. Qd7+ Ka6 32. Nd5 Qc6 33. Nc7+ Kb6
34. Nxa8+ Rxa8 35. Qg4 h5 36. Qe2 bxc3 37. bxc3 a6 38. Re6 Ka7 39. Qxh5 Rf8 40.
Qh7+ 1-0

[Event "NACHOD NIKI OPEN 2008"]
[Site "Nachod"]
[Date "2008.??.??"]
[Round "3.1"]
[White "Karlik, Vladimir"]
[Black "Sergeev, Vladimir"]
[Result "0-1"]
[WhiteElo "2317"]
[BlackElo "2505"]
[PlyCount "132"]
[EventDate "2008.06.28"]

1. d4 d6 2. e4 Nf6 3. Nc3 e5 4. Nge2 exd4 5. Nxd4 Be7 6. Be2 O-O 7. O-O Re8 8.
f4 Bf8 9. Bf3 Na6 10. Re1 Nc5 11. Nb3 Ncd7 12. Kh1 Nb6 13. f5 Nfd7 14. Bf4 Ne5
15. Be2 c6 16. Nd4 Nbd7 17. Qd2 h6 18. Rad1 b6 19. Nf3 Bb7 20. h3 Qe7 21. Nxe5
Nxe5 22. Kh2 b5 23. Qe3 a6 24. Qg3 Qf6 25. Bf1 Rad8 26. Kh1 Kh8 27. a3 Kh7 28.
Bd3 Kh8 29. Bf1 g6 30. fxg6 fxg6 31. Be2 Bg7 32. Rf1 Qe6 33. Qe3 Kh7 34. Bg3
Qe7 35. Rfe1 Rf8 36. Bd3 Bc8 37. Rf1 Qc7 38. Rxf8 Rxf8 39. Rf1 Rxf1+ 40. Bxf1
Be6 41. Be2 Nf7 42. Nd1 c5 43. c3 h5 44. Nf2 c4 45. Qd2 Qc6 46. Bf3 Ne5 47. Qg5
Qd7 48. Bxe5 Bxe5 49. g4 Qf7 50. Kg2 Bf4 51. Qd8 hxg4 52. Bxg4 Be3 53. Qh4+ Kg7
54. Bxe6 Qxe6 55. Ng4 Bc1 56. Qd8 Qxe4+ 57. Kf2 Qe6 58. Kg2 Bxb2 59. Qc7+ Qf7
60. Qxd6 Bxc3 61. Qxa6 Qd5+ 62. Kh2 Bd4 63. Kg3 c3 64. Qc8 Be5+ 65. Kh4 Bf6+
66. Nxf6 Qc4+ 0-1

[Event "NACHOD NIKI OPEN 2008"]
[Site "Nachod"]
[Date "2008.??.??"]
[Round "3.2"]
[White "Velicka, Petr"]
[Black "Sorm, Daniel"]
[Result "1/2-1/2"]
[WhiteElo "2496"]
[BlackElo "2320"]
[PlyCount "52"]
[EventDate "2008.06.28"]

1. d4 d5 2. c4 c6 3. cxd5 cxd5 4. Nc3 Nf6 5. Bf4 Qb6 6. e3 Qxb2 7. Bb5+ Nc6 8.
Nge2 Qb4 9. O-O e6 10. Bd3 a6 11. e4 Be7 12. exd5 exd5 13. Be5 O-O 14. Bxf6
Bxf6 15. Nxd5 Qd6 16. Nxf6+ Qxf6 17. Rb1 g6 18. Rb6 Qd8 19. Qb1 Nxd4 20. Nxd4
Qxd4 21. Rd1 Rd8 22. Be2 Qh4 23. Rxd8+ Qxd8 24. Qb2 Be6 25. Rxb7 Bd5 26. Rb4
Qg5 1/2-1/2

[Event "NACHOD NIKI OPEN 2008"]
[Site "Nachod"]
[Date "2008.??.??"]
[Round "3.3"]
[White "Jirasek, Pavel"]
[Black "Volosin, Leonid"]
[Result "1/2-1/2"]
[WhiteElo "2277"]
[BlackElo "2434"]
[PlyCount "131"]
[EventDate "2008.06.28"]

1. e4 c5 2. Nf3 Nc6 3. Bb5 e6 4. O-O Nge7 5. c3 a6 6. Ba4 b5 7. Bc2 Bb7 8. Re1
d5 9. d4 cxd4 10. exd5 Nxd5 11. Nxd4 Nxd4 12. Qxd4 Nf6 13. Qh4 Qd5 14. Qh3 Be7
15. Nd2 Rd8 16. Nf3 Qh5 17. Qxh5 Nxh5 18. Nd4 Nf6 19. Bg5 h6 20. Bh4 Rd7 21. a4
b4 22. a5 O-O 23. Ba4 Rd5 24. Bc6 Rxd4 25. Bxf6 Bxf6 26. Bxb7 bxc3 27. bxc3 Rd7
28. Rab1 Bxc3 29. Red1 Rfd8 30. Rxd7 Rxd7 31. Bxa6 Bxa5 32. Rb2 Bc3 33. Rc2
Rd1+ 34. Bf1 Be5 35. g3 g5 36. Kg2 Kg7 37. Be2 Ra1 38. Bh5 Ra7 39. Re2 {(=)}
Bd4 40. Bf3 Rc7 41. Rd2 Rd7 42. Be2 f5 43. g4 Kf6 44. Bf3 Rd6 45. Rc2 Rb6 46.
gxf5 Kxf5 47. h3 Ke5 48. Re2+ Kd6 49. Rc2 e5 50. Kg3 Rb3 51. Kg2 Bc5 52. Rd2+
Ke7 53. Rc2 Rb5 54. Bc6 Ra5 55. Rc4 Kd6 56. Ra4 {(=)} Rxa4 57. Bxa4 e4 58. Be8
Ke5 59. Bc6 Kf4 60. Bb7 h5 61. Bc6 g4 62. hxg4 hxg4 63. Bb7 Bxf2 64. Kxf2 g3+
65. Kg2 e3 66. Bf3 1/2-1/2

[Event "NACHOD NIKI OPEN 2008"]
[Site "Nachod"]
[Date "2008.??.??"]
[Round "3.4"]
[White "Spirin, Oleg"]
[Black "Cerveny, Martin"]
[Result "1/2-1/2"]
[WhiteElo "2430"]
[BlackElo "2305"]
[PlyCount "85"]
[EventDate "2008.06.28"]

1. d4 d5 2. c4 c6 3. Nf3 Nf6 4. e3 Bf5 5. Nc3 e6 6. Nh4 Bg4 7. Qb3 Qb6 8. h3
Bh5 9. g4 Bg6 10. Nxg6 hxg6 11. g5 Ne4 12. Nxe4 dxe4 13. h4 f5 14. gxf6 gxf6
15. Qc2 f5 16. c5 Qc7 17. Bc4 Kf7 18. Qb3 Qd7 19. Bd2 Bg7 20. O-O-O Bf6 21. f3
exf3 22. Rdf1 Ke7 23. Rhg1 Kf7 24. Rxf3 b5 25. cxb6 axb6 26. Rfg3 b5 27. Bd3
Rh6 28. e4 Rxh4 29. exf5 gxf5 30. Bxf5 Qd5 31. Bg6+ Ke7 32. Bb4+ Kd7 33. Rf1
Qxb3 34. Rxb3 Bxd4 35. Rf7+ Kc8 36. Bd6 Nd7 37. a3 Rh1+ 38. Kc2 Ra4 39. Be4 Rg1
40. Rh3 Rg7 41. Rxg7 Bxg7 42. b4 Ra6 43. Rg3 1/2-1/2

[Event "NACHOD NIKI OPEN 2008"]
[Site "Nachod"]
[Date "2008.??.??"]
[Round "3.5"]
[White "Kizilkaya, Mehmet"]
[Black "Jirka, Jiri"]
[Result "1/2-1/2"]
[WhiteElo "2235"]
[BlackElo "2400"]
[PlyCount "91"]
[EventDate "2008.06.28"]

1. e4 e5 2. Nf3 Nc6 3. Bb5 Nd4 4. Nxd4 exd4 5. O-O Bc5 6. d3 c6 7. Ba4 a5 8.
Nd2 d6 9. c3 b5 10. Bc2 Nf6 11. h3 O-O 12. Nf3 dxc3 13. bxc3 h6 14. d4 Bb6 15.
e5 dxe5 16. Nxe5 Be6 17. Qf3 Bd5 18. Qg3 Be4 19. Bb3 a4 20. Bxh6 Nh5 21. Qg4
axb3 22. Qxh5 Qf6 23. Nd7 Qxh6 24. Qxh6 gxh6 25. axb3 Rxa1 26. Rxa1 Bd8 27. Ra8
Be7 28. Rxf8+ Bxf8 29. Nf6+ Kg7 30. Nxe4 f5 31. Nd2 Ba3 32. Nb1 Bb2 33. Kf1 b4
34. cxb4 Bxd4 35. Ke2 Kf6 36. f4 h5 37. Kd3 Bf2 38. Nd2 Bg3 39. Ke3 Ke6 40. Nf3
Kd5 41. Nd2 Be1 42. Ke2 Bxd2 43. Kxd2 Ke4 44. g3 Kf3 45. g4 fxg4 46. f5 1/2-1/2

[Event "NACHOD NIKI OPEN 2008"]
[Site "Nachod"]
[Date "2008.??.??"]
[Round "3.6"]
[White "Kulhanek, Tomas"]
[Black "Bauma, Jiri"]
[Result "0-1"]
[WhiteElo "2399"]
[BlackElo "2278"]
[PlyCount "92"]
[EventDate "2008.06.28"]

1. e4 c5 2. Nf3 Nc6 3. Bb5 Nf6 4. Bxc6 dxc6 5. d3 Bg4 6. Nc3 Qc7 7. h3 Bh5 8.
g4 Bg6 9. Nh4 O-O-O 10. Qf3 e6 11. Bf4 Bd6 12. Bxd6 Qxd6 13. O-O-O Qe7 14. Qg3
e5 15. Ng2 Nd7 16. g5 f6 17. gxf6 gxf6 18. Ne3 Rdg8 19. Qh4 Qd6 20. Rdf1 b5 21.
f4 Qd4 22. Ng4 Rf8 23. Ne2 Qa4 24. Nc3 Qa5 25. fxe5 fxe5 26. Qe7 Qd8 27. Qe6
Kc7 28. a4 Re8 29. Qb3 Qg5+ 30. Kb1 a6 31. Nd1 c4 32. Qc3 Nc5 33. axb5 axb5 34.
Nf6 Ra8 35. Ne3 Ra7 36. Qd2 Rha8 37. b3 c3 38. Ned5+ cxd5 39. Nxd5+ Kd6 40.
Qxc3 Ra1+ 41. Qxa1 Rxa1+ 42. Kxa1 Nxe4 43. dxe4 Bxe4 44. Rhg1 Qd2 45. Nf6 Qc3+
46. Ka2 Bxc2 0-1

[Event "NACHOD NIKI OPEN 2008"]
[Site "Nachod"]
[Date "2008.??.??"]
[Round "3.7"]
[White "Neoral, Antonin"]
[Black "Cerveny, Petr"]
[Result "1/2-1/2"]
[WhiteElo "2160"]
[BlackElo "2375"]
[PlyCount "96"]
[EventDate "2008.06.28"]

1. e4 g6 2. d4 Bg7 3. c3 d6 4. Nf3 Nf6 5. Bd3 O-O 6. O-O Nc6 7. Bg5 h6 8. Bh4
e5 9. dxe5 Nxe5 10. Nxe5 dxe5 11. Na3 Qe8 12. Bxf6 Bxf6 13. Qe2 Qe7 14. Rad1 h5
15. h3 Bg5 16. Nc2 c6 17. Bc4 b5 18. Bb3 Qc5 19. Nb4 Rb8 20. Nd3 Qe7 21. a3 a5
22. Ba2 a4 23. Nb4 Qc7 24. Qf3 Kg7 25. Qg3 Bf6 26. Qf3 Bb7 27. Rd3 Rbd8 28.
Rfd1 Rxd3 29. Rxd3 Rd8 30. Rxd8 Qxd8 31. Nd3 Bc8 32. Qg3 Qd6 33. Qe3 Be7 34.
Qf3 Bf6 35. Qe3 Be7 36. Qf3 f6 37. Qe3 c5 38. Bd5 Bd7 39. f4 c4 40. fxe5 fxe5
41. Nf2 Bd8 42. Qf3 Be6 43. Kf1 Bb6 44. Ke2 Ba7 45. Nd1 Bg8 46. Ne3 Bxe3 47.
Kxe3 Qb6+ 48. Ke2 Be6 1/2-1/2

[Event "NACHOD NIKI OPEN 2008"]
[Site "Nachod"]
[Date "2008.??.??"]
[Round "3.8"]
[White "Porat, Ido"]
[Black "Novotny, Josef"]
[Result "1/2-1/2"]
[WhiteElo "2360"]
[BlackElo "2169"]
[PlyCount "49"]
[EventDate "2008.06.28"]

1. c4 e6 2. g3 d6 3. d4 Nf6 4. Nc3 Nc6 5. Bg2 Bd7 6. e4 e5 7. Nge2 g6 8. O-O
Bg7 9. d5 Ne7 10. h3 h6 11. Be3 g5 12. f4 gxf4 13. gxf4 Ng6 14. c5 Nh5 15. f5
Ngf4 16. Nxf4 Nxf4 17. Ne2 Bb5 18. Nxf4 exf4 19. Rxf4 Be5 20. Rf2 Qh4 21. Qb3
Ba6 22. Bd4 O-O-O 23. Bxe5 dxe5 24. c6 Rhg8 25. cxb7+ 1/2-1/2

[Event "NACHOD NIKI OPEN 2008"]
[Site "Nachod"]
[Date "2008.??.??"]
[Round "3.9"]
[White "Urbanec, Ladislav"]
[Black "Smid, Jaroslav"]
[Result "1-0"]
[WhiteElo "2296"]
[BlackElo "2046"]
[PlyCount "97"]
[EventDate "2008.06.28"]

1. e4 e5 2. Nf3 Nc6 3. d4 exd4 4. Bc4 Nf6 5. Ng5 d5 6. exd5 Na5 7. Qxd4 Nxc4 8.
Qxc4 Qxd5 9. Qe2+ Be7 10. O-O Kf8 11. Nc3 Qc6 12. Re1 Bc5 13. Be3 h6 14. Bxc5+
Qxc5 15. Nce4 Nxe4 16. Nxe4 Qc6 17. Rad1 Bf5 18. Ng3 Be6 19. Nh5 Re8 20. Qe5
Rg8 21. Qd4 Qb6 22. Qc3 Bg4 23. Rxe8+ Kxe8 24. Re1+ Kd8 25. Nf4 Be6 26. Qd3+
Kc8 27. Nxe6 fxe6 28. Rd1 Qc6 29. c3 Qe8 30. Qd4 Qd8 31. Qg4 Qf6 32. Re1 Re8
33. Qa4 Rf8 34. Qxa7 b6 35. Rf1 Qf5 36. Qa8+ Kd7 37. Qa4+ Ke7 38. Qc6 Qe5 39.
Rd1 Qe2 40. Qxc7+ Kf6 41. Qd6 Rf7 42. Qd4+ e5 43. Qxb6+ Kf5 44. Rf1 Rf6 45. Qb3
Kg6 46. c4 Rd6 47. c5 Rd3 48. Qc4 Qd2 49. c6 1-0

[Event "NACHOD NIKI OPEN 2008"]
[Site "Nachod"]
[Date "2008.??.??"]
[Round "3.10"]
[White "Kracik, Tomas"]
[Black "Kopta, Pavel"]
[Result "0-1"]
[WhiteElo "1932"]
[BlackElo "2276"]
[PlyCount "66"]
[EventDate "2008.06.28"]

1. e4 c5 2. Nf3 d6 3. c3 Nf6 4. g3 g6 5. Bg2 Bg7 6. O-O O-O 7. Re1 e5 8. d4 Qc7
9. Na3 a6 10. Nc2 b5 11. b3 Bb7 12. Nd2 Nbd7 13. Bb2 exd4 14. cxd4 Rfe8 15. d5
Ne5 16. Qe2 Nfd7 17. Rab1 c4 18. bxc4 bxc4 19. Bxe5 Nxe5 20. Ne3 c3 21. Rec1 a5
22. Ndf1 Ba6 23. Qd1 Nd3 24. Rc2 Nb4 25. Rcc1 Nxa2 26. Rc2 Nb4 27. Rcc1 Nd3 28.
Rc2 a4 29. Ra2 Nb2 30. Qc1 Qc5 31. Nc2 Bc4 32. Ra3 Bb3 33. Nce3 Bh6 0-1

[Event "NACHOD NIKI OPEN 2008"]
[Site "Nachod"]
[Date "2008.??.??"]
[Round "3.11"]
[White "Cechura, Petr"]
[Black "Matyska, Jiri"]
[Result "1-0"]
[WhiteElo "2182"]
[BlackElo "2055"]
[PlyCount "87"]
[EventDate "2008.06.28"]

1. e4 e6 2. d4 b6 3. Nf3 Bb7 4. Bd3 c5 5. c3 Nf6 6. Qe2 Be7 7. O-O Nc6 8. a3
Na5 9. Nbd2 c4 10. Bc2 Qc7 11. Re1 b5 12. Rb1 d5 13. e5 Nd7 14. Nf1 h6 15. h4
Nc6 16. h5 a5 17. Bf4 b4 18. axb4 axb4 19. Ra1 Ra5 20. g4 b3 21. Rxa5 Qxa5 22.
Bb1 Nb6 23. Ng3 Qa1 24. Bf5 Qa2 25. g5 Bc8 26. Bb1 Qa1 27. g6 Na4 28. gxf7+ Kf8
29. Bg6 Qxb2 30. Qxb2 Nxb2 31. Ra1 Bb7 32. Kf1 Nd8 33. Ra7 Bc6 34. Bc1 Na4 35.
Rxe7 Kxe7 36. Ba3+ Kd7 37. f8=Q Rxf8 38. Bxf8 Nxc3 39. Bxg7 b2 40. Nd2 Ba4 41.
Bxh6 Ne4 42. Bxe4 dxe4 43. Ngxe4 Nc6 44. Nc5+ 1-0

[Event "NACHOD NIKI OPEN 2008"]
[Site "Nachod"]
[Date "2008.??.??"]
[Round "3.12"]
[White "Herejk, Petr"]
[Black "Chmel, Kristian"]
[Result "1-0"]
[WhiteElo "2177"]
[BlackElo "1809"]
[PlyCount "47"]
[EventDate "2008.06.28"]

1. e4 c5 2. Nf3 d6 3. d4 cxd4 4. Nxd4 Nf6 5. Nc3 g6 6. Be3 Bg7 7. f3 O-O 8. Qd2
Nc6 9. O-O-O d5 10. Kb1 e6 11. Qe1 Bd7 12. Nxc6 bxc6 13. e5 Ne8 14. Bc5 Rb8 15.
Na4 Nc7 16. h4 Nb5 17. h5 Qg5 18. c4 Nc7 19. Bd6 Rbc8 20. Nc5 Rfd8 21. hxg6
hxg6 22. Rh4 Bf8 23. f4 Qf5+ 24. Bd3 1-0

[Event "NACHOD NIKI OPEN 2008"]
[Site "Nachod"]
[Date "2008.??.??"]
[Round "3.13"]
[White "Srejber, Michal"]
[Black "Kriz, Lubos"]
[Result "0-1"]
[WhiteElo "1959"]
[BlackElo "2175"]
[PlyCount "148"]
[EventDate "2008.06.28"]

1. Nf3 c5 2. c4 b6 3. g3 Bb7 4. Bg2 g6 5. O-O Bg7 6. Nc3 Nf6 7. b3 d5 8. Bb2 d4
9. Nb5 a6 10. Na3 Nbd7 11. e3 dxe3 12. fxe3 O-O 13. d3 Qc7 14. Nc2 e5 15. e4
Rfd8 16. Ne3 Nb8 17. Ng5 h6 18. Nf3 Nc6 19. Nd5 Nxd5 20. cxd5 Nd4 21. Nxd4 cxd4
22. Rc1 Qd7 23. Qf3 f6 24. h4 Rac8 25. h5 Rxc1 26. Rxc1 g5 27. Ba3 Rc8 28.
Rxc8+ Bxc8 29. Kf2 Qc7 30. Qd1 Bd7 31. Bf3 f5 32. exf5 Bxf5 33. g4 Bd7 34. d6
Qc8 35. Bd5+ Kh8 36. Kg3 b5 37. Qf3 a5 38. Qf7 b4 39. Bc1 Bxg4 40. Bd2 Bh3 41.
Kh2 Bd7 42. Be1 Qe8 43. Qxe8+ Bxe8 44. Be6 Bf6 45. d7 Bxh5 46. Bg3 Bg6 47. Kg2
Bd8 48. Bxe5+ Kh7 49. Bc4 Bf5 50. Bb5 Kg6 51. Bxd4 h5 52. Bc5 h4 53. Bd6 g4 54.
Bb8 Kf6 55. d4 Ke7 56. Be5 Bxd7 57. Bc4 Bf5 58. d5 Kf7 59. Kh2 Kg6 60. d6 Bb6
61. Bd5 Bd3 62. d7 Kf5 63. Bd6 Bb5 64. Be7 Bc7+ 65. Kg1 Bxd7 66. Bxh4 Kf4 67.
Kg2 Ke3 68. Be7 Bf5 69. a3 bxa3 70. Bxa3 Be4+ 71. Bxe4 Kxe4 72. Be7 Kd3 73. Bh4
g3 74. Be7 Kc3 0-1

[Event "NACHOD NIKI OPEN 2008"]
[Site "Nachod"]
[Date "2008.??.??"]
[Round "3.14"]
[White "Gromczak, Dariusz"]
[Black "Mareckova, Martina"]
[Result "1/2-1/2"]
[WhiteElo "2087"]
[BlackElo "2045"]
[PlyCount "47"]
[EventDate "2008.06.28"]

1. e4 e5 2. Nf3 Nc6 3. d4 exd4 4. Nxd4 Bc5 5. Nxc6 Qf6 6. Qd2 dxc6 7. Nc3 Ne7
8. Na4 Bb6 9. Nxb6 cxb6 10. Bd3 Bd7 11. Qf4 Qxf4 12. Bxf4 O-O-O 13. O-O-O Rhe8
14. f3 Ng6 15. Bg3 c5 16. Bc4 Be6 17. Bxe6+ Rxe6 18. Rxd8+ Kxd8 19. Rd1+ Kc8
20. a4 Re7 21. Rd5 Rd7 22. Rxd7 Kxd7 23. Kd2 Ne7 24. c3 1/2-1/2

[Event "NACHOD NIKI OPEN 2008"]
[Site "Nachod"]
[Date "2008.??.??"]
[Round "3.15"]
[White "Stepan, Michal"]
[Black "Pertlova, Sona"]
[Result "0-1"]
[WhiteElo "2040"]
[BlackElo "2159"]
[PlyCount "112"]
[EventDate "2008.06.28"]

1. d4 Nf6 2. Nc3 d5 3. e4 Nxe4 4. Nxe4 dxe4 5. Bc4 Nd7 6. Ne2 e5 7. c3 Be7 8.
Be3 O-O 9. Qc2 exd4 10. Bxd4 c5 11. Be3 Ne5 12. Qxe4 Nxc4 13. Qxc4 Be6 14. Qa4
Bd7 15. Qc2 Bc6 16. O-O Bd6 17. Rad1 Qf6 18. Ng3 Rfe8 19. Qf5 Qe7 20. Qg4 Bxg3
21. Qxg3 Rad8 22. Bh6 f6 23. h4 Kh8 24. Be3 b6 25. c4 Be4 26. b3 h6 27. Bf4 Bc2
28. Rd5 Qe4 29. f3 Qg6 30. Qf2 Rxd5 31. cxd5 Qf5 32. Qd2 Bd3 33. Rd1 Bb5 34. g4
Qc8 35. Re1 Rxe1+ 36. Qxe1 Qd7 37. Qd2 Ba6 38. Bxh6 gxh6 39. Qxh6+ Kg8 40. Qg6+
Qg7 41. Qe8+ Qf8 42. Qg6+ Kh8 43. g5 fxg5 44. Qh5+ Kg8 45. hxg5 Bd3 46. Kg2 Qf7
47. Qh2 Qe7 48. Qb8+ Kg7 49. Qf4 Kg6 50. d6 Qe2+ 51. Kg1 Qe1+ 52. Kh2 Bf5 53.
d7 Qe2+ 54. Kg3 Qd1 55. Qe3 Qxd7 56. f4 Qd3 0-1

[Event "NACHOD NIKI OPEN 2008"]
[Site "Nachod"]
[Date "2008.??.??"]
[Round "3.16"]
[White "Porat, Maya"]
[Black "Gurel, Ahmet Unal"]
[Result "1-0"]
[WhiteElo "2156"]
[BlackElo "2020"]
[PlyCount "107"]
[EventDate "2008.06.28"]

1. d4 Nf6 2. c4 e6 3. Nf3 c5 4. d5 exd5 5. cxd5 d6 6. Nc3 g6 7. g3 Bg7 8. Bg2
O-O 9. O-O a6 10. a4 Qe7 11. Nd2 Nbd7 12. h3 Rb8 13. Nc4 Ne5 14. Na3 Ne8 15. e4
g5 16. Be3 Bd7 17. Qe2 Nc7 18. a5 h6 19. Rfd1 Qe8 20. Kh2 Nb5 21. f4 Nd4 22.
Qf2 gxf4 23. gxf4 Ng6 24. Nc4 Qe7 25. Rf1 f5 26. Rae1 Qf6 27. Bxd4 cxd4 28. e5
dxe5 29. Nxe5 Nxe5 30. fxe5 Qxe5+ 31. Rxe5 Bxe5+ 32. Kh1 dxc3 33. bxc3 Bxc3 34.
d6 Kh7 35. Qb6 Bb5 36. Qc7+ Bg7 37. Rxf5 Rxf5 38. Qxb8 Re5 39. Kh2 Re2 40. Qxb7
Kh8 41. Qc8+ Kh7 42. Qf5+ Kh8 43. d7 Rd2 44. Qf4 Rxg2+ 45. Kxg2 Bxd7 46. Qd6
Bb5 47. Qe6 Kh7 48. Qf7 Bd3 49. Kf3 Bb5 50. Ke4 Be2 51. Qf2 Bb5 52. Qf5+ Kh8
53. Qxb5 axb5 54. a6 1-0

[Event "NACHOD NIKI OPEN 2008"]
[Site "Nachod"]
[Date "2008.??.??"]
[Round "3.17"]
[White "Hajek, Jiri"]
[Black "Mojzis, Jan"]
[Result "0-1"]
[WhiteElo "1980"]
[BlackElo "2146"]
[PlyCount "74"]
[EventDate "2008.06.28"]

1. e4 e6 2. d4 d5 3. Nd2 Nf6 4. e5 Nfd7 5. Bd3 c5 6. c3 Nc6 7. Ndf3 cxd4 8.
cxd4 Qb6 9. Ne2 f6 10. exf6 Nxf6 11. O-O Bd6 12. a3 O-O 13. Rb1 Kh8 14. b4 e5
15. dxe5 Nxe5 16. Nxe5 Bxe5 17. Bf4 Bxf4 18. Nxf4 Qd4 19. Ne2 Qh4 20. f3 Bd7
21. Qe1 Qh6 22. Rd1 Ba4 23. Rd2 Rfe8 24. Rf2 Rac8 25. Rb2 Bd7 26. Qd2 Qe3 27.
b5 b6 28. Ng3 Rc5 29. a4 g6 30. Nf1 Qxd2 31. Rbxd2 Rc3 32. Bc2 Re1 33. Rfe2 Rc1
34. Kf2 Kg8 35. g4 Nxg4+ 36. fxg4 Bxg4 37. Re7 Rf3+ 0-1

[Event "NACHOD NIKI OPEN 2008"]
[Site "Nachod"]
[Date "2008.??.??"]
[Round "3.18"]
[White "Necada, Martin"]
[Black "Cerovsky, Marek"]
[Result "1/2-1/2"]
[WhiteElo "2142"]
[BlackElo "2017"]
[PlyCount "34"]
[EventDate "2008.06.28"]

1. d4 c5 2. d5 d6 3. e4 Nf6 4. Nc3 g6 5. Nf3 Bg7 6. Be2 O-O 7. O-O Na6 8. a4
Bd7 9. Bf4 Nc7 10. Qd2 Rb8 11. Rfe1 b6 12. Bh6 a6 13. Bxg7 Kxg7 14. Bf1 b5 15.
axb5 axb5 16. b4 cxb4 17. Na2 Na6 1/2-1/2

[Event "NACHOD NIKI OPEN 2008"]
[Site "Nachod"]
[Date "2008.??.??"]
[Round "3.19"]
[White "Hubacek, Ondrej"]
[Black "Krutina, Ivan"]
[Result "1-0"]
[WhiteElo "1970"]
[BlackElo "2119"]
[PlyCount "33"]
[EventDate "2008.06.28"]

1. e4 e5 2. f4 exf4 3. Nf3 g5 4. h4 d5 5. exd5 g4 6. Ne5 h5 7. d4 Be7 8. Bxf4
Bxh4+ 9. g3 Bf6 10. Bc4 Bxe5 11. dxe5 Qe7 12. Nc3 h4 13. Qd4 h3 14. O-O-O Rh7
15. d6 cxd6 16. exd6 Qf6 17. Qe4+ 1-0